Restoration ecology and sustainable development / (Record no. 6423)

MARC details
000 -LEADER
fixed length control field 01474cam a2200325 a 4500
001 - CONTROL NUMBER
control field 3527465
003 - CONTROL NUMBER IDENTIFIER
control field OSt
005 - DATE AND TIME OF LATEST TRANSACTION
control field 20200120124404.0
008 - FIXED-LENGTH DATA ELEMENTS--GENERAL INFORMATION
fixed length control field 961127s1997 enkab b 101 0 eng
010 ## - LIBRARY OF CONGRESS CONTROL NUMBER
LC control number 96052176
020 ## - INTERNATIONAL STANDARD BOOK NUMBER
International Standard Book Number 0521581605 (hc)
040 ## - CATALOGING SOURCE
Original cataloging agency DLC
Transcribing agency DLC
Modifying agency DLC
082 00 - DEWEY DECIMAL CLASSIFICATION NUMBER
Classification number 333.7
Edition number 21
Item number RES 1997
245 00 - TITLE STATEMENT
Title Restoration ecology and sustainable development /
Statement of responsibility, etc. edited by Krystyna M. Urbanska, Nigel R. Webb, and Peter J. Edwards.
260 ## - PUBLICATION, DISTRIBUTION, ETC. (IMPRINT)
Place of publication, distribution, etc. Cambridge, U.K. ;
-- New York :
Name of publisher, distributor, etc. Cambridge University Press,
Date of publication, distribution, etc. 1997.
300 ## - PHYSICAL DESCRIPTION
Extent xv, 397 p. :
Other physical details col.ill, maps ;
Dimensions 24 cm.
500 ## - GENERAL NOTE
General note Papers from a conference sponsored by the Swiss Federal Institute of Technology Zurich, and others.
504 ## - BIBLIOGRAPHY, ETC. NOTE
Bibliography, etc Includes bibliographical references and index.
650 #0 - SUBJECT ADDED ENTRY--TOPICAL TERM
Topical term or geographic name as entry element Restoration ecology
Form subdivision Congresses.
9 (RLIN) 7452
650 #0 - SUBJECT ADDED ENTRY--TOPICAL TERM
Topical term or geographic name as entry element Restoration ecology
General subdivision Economic aspects
Form subdivision Congresses.
9 (RLIN) 13173
650 #0 - SUBJECT ADDED ENTRY--TOPICAL TERM
Topical term or geographic name as entry element Sustainable development
Form subdivision Congresses.
9 (RLIN) 13174
700 1# - ADDED ENTRY--PERSONAL NAME
Personal name Urbanska, Krystyna. M.
9 (RLIN) 13175
700 1# - ADDED ENTRY--PERSONAL NAME
Personal name Webb, Nigel. R.
9 (RLIN) 13176
700 1# - ADDED ENTRY--PERSONAL NAME
Personal name Edwards, Peter J.
9 (RLIN) 13177
856 42 - ELECTRONIC LOCATION AND ACCESS
Materials specified Publisher description
Uniform Resource Identifier <a href="http://www.loc.gov/catdir/description/cam028/96052176.html">http://www.loc.gov/catdir/description/cam028/96052176.html</a>
856 41 - ELECTRONIC LOCATION AND ACCESS
Materials specified Table of contents
Uniform Resource Identifier <a href="http://www.loc.gov/catdir/toc/cam025/96052176.html">http://www.loc.gov/catdir/toc/cam025/96052176.html</a>
906 ## - LOCAL DATA ELEMENT F, LDF (RLIN)
a 7
b cbc
c orignew
d 1
e ocip
f 19
g y-gencatlg
942 ## - ADDED ENTRY ELEMENTS (KOHA)
Source of classification or shelving scheme Dewey Decimal Classification
Koha item type Open Shelf
Holdings
Withdrawn status Lost status Source of classification or shelving scheme Damaged status Not for loan Home library Current library Date acquired Source of acquisition Inventory number Total Checkouts Full call number Barcode Date last seen Price effective from Koha item type
    Dewey Decimal Classification     MUST Main Library MUST Main Library 20/01/2020 Donation 2003/20540   333.7 RES 1997 2020-0029 20/01/2020 20/01/2020 Open Shelf